Normal view MARC view
  • BAVEJA, C P AND BAVEJA, V

Entry Personal Name

Number of records used in: 1

001 - CONTROL NUMBER

  • control field: 8670

003 - CONTROL NUMBER IDENTIFIER

  • control field: JRU

005 - DATE AND TIME OF LATEST TRANSACTION

  • control field: 20250909150214.0

008 - FIXED-LENGTH DATA ELEMENTS

  • fixed length control field: 250909|| aca||aabn | a|a d

040 ## - CATALOGING SOURCE

  • Original cataloging agency: JRU
  • Transcribing agency: JRU

100 ## - HEADING--PERSONAL NAME

  • Personal name: BAVEJA, C P AND BAVEJA, V

670 ## - SOURCE DATA FOUND

  • Source citation: Work cat.: (JRU)8799: BAVEJA, C P AND BAVEJA, V., TEXT AND PRACTICAL MICROBIOLOGY FOR MLT [ 4TH ED.], 2024